[Event "Sochi ChessAmateur op10"]
[Site "Sochi"]
[Date "2018.10.14"]
[Round "4"]
[White "Yandarbiev, Ruslan"]
[Black "Muratov, Sergey"]
[Result "0-1"]
[WhiteElo "2316"]
[BlackElo "2181"]
[PlyCount "70"]
[EventDate "2018.10.12"]
[EventType "swiss"]
[EventRounds "9"]
[EventCountry "RUS"]
[SourceTitle "CBM 187 Extra"]
[Source "ChessBase"]
[SourceDate "2018.11.04"]
[SourceVersion "1"]
[SourceVersionDate "2018.11.04"]
[SourceQuality "1"]

1. e4 c6 2. d4 d5 3. e5 Bf5 4. Nf3 e6 5. Be2 Ne7 6. 0-0 Nd7 7. Nbd2 Bg6 8. a4 Nf5 9. Nb3 Be7 10. a5 0-0 11. g4 Nh4 12. Nxh4 Bxh4 13. f4 f6 14. Be3 Rc8 15. c4 Re8 16. Qd2 Be4 17. c5 f5 18. g5 h6 19. Qc1 hxg5 20. fxg5 Kf7 21. Nd2 Bxg5 22. Nxe4 Bxe3+ 23. Qxe3 dxe4 24. Qxe4 Qg5+ 25. Qg2 Qxg2+ 26. Kxg2 Rh8 27. Bc4 Ke7 28. Rf3 g5 29. Bf1 Rh4 30. Rd1 Rd8 31. Rg3 Nxe5 32. Rxg5 Rhxd4 33. Re1 Kf6 34. Rg3 Rd2+ 35. Re2 f4 0-1

[Event "Vladivostok Primorsky Debut"]
[Site "Vladivostok"]
[Date "2015.07.28"]
[Round "8"]
[White "Muratov, Sergey"]
[Black "Shomoev, Anton"]
[Result "0-1"]
[WhiteElo "2218"]
[BlackElo "2578"]
[PlyCount "66"]
[EventDate "2015.07.21"]
[EventType "swiss"]
[EventRounds "9"]
[EventCountry "RUS"]
[SourceTitle "EXT 2016"]
[Source "ChessBase"]
[SourceDate "2015.10.08"]
[SourceVersion "1"]
[SourceVersionDate "2015.10.08"]
[SourceQuality "1"]

1. d4 Nf6 2. c4 g6 3. Nf3 Bg7 4. g3 c5 5. d5 b5 6. cxb5 a6 7. bxa6 0-0 8. Bg2 d6 9. Nc3 Nxa6 10. 0-0 Bf5 11. Nh4 Bd7 12. Bd2 Qc8 13. Qc1 Re8 14. Rd1 Nc7 15. Rb1 Nb5 16. a3 Nd4 17. Bh6 Bh8 18. e3 Nb3 19. Qc2 Rb8 20. Nf3 Bg4 21. Re1 Bxf3 22. Bxf3 Qh3 23. Bf4 Ng4 24. Bxg4 Qxg4 25. Kg2 Rb6 26. f3 Qd7 27. g4 Reb8 28. Bg3 Qb7 29. Re2 Qa6 30. Be1 Qc4 31. Qe4 Na5 32. Qc2 Rb3 33. a4 Bxc3 0-1

[Event "Vladivostok Primorsky Debut"]
[Site "Vladivostok"]
[Date "2015.07.26"]
[Round "6"]
[White "Zablotsky, Sergei"]
[Black "Muratov, Sergey"]
[Result "1-0"]
[WhiteElo "2533"]
[BlackElo "2218"]
[PlyCount "49"]
[EventDate "2015.07.21"]
[EventType "swiss"]
[EventRounds "9"]
[EventCountry "RUS"]
[SourceTitle "EXT 2016"]
[Source "ChessBase"]
[SourceDate "2015.10.08"]
[SourceVersion "1"]
[SourceVersionDate "2015.10.08"]
[SourceQuality "1"]

1. e4 c6 2. Nc3 d5 3. Qe2 dxe4 4. Nxe4 e6 5. Nf3 Nd7 6. b3 Ngf6 7. Bb2 Be7 8. 0-0-0 a5 9. a4 0-0 10. g4 b5 11. g5 Nd5 12. Nd4 Bb7 13. Rg1 bxa4 14. bxa4 c5 15. Nb5 N7b6 16. Qg4 Qb8 17. Nf6+ Bxf6 18. gxf6 g6 19. Qh4 Kh8 20. Rg4 e5 21. c4 Nf4 22. Re1 Re8 23. Rxf4 exf4 24. Re7 Nxa4 25. Qh6 1-0

[Event "Vladivostok Russian Cup"]
[Site "Vladivostok"]
[Date "2012.09.17"]
[Round "1"]
[White "Kovalenko, Igor"]
[Black "Muratov, Sergey"]
[Result "1/2-1/2"]
[WhiteElo "2611"]
[BlackElo "2250"]
[PlyCount "88"]
[EventDate "2012.09.17"]
[EventType "swiss"]
[EventRounds "9"]
[EventCountry "RUS"]
[SourceTitle "CBM 150 Extra"]
[Source "ChessBase"]
[SourceDate "2012.10.19"]
[SourceVersion "1"]
[SourceVersionDate "2012.10.19"]
[SourceQuality "1"]

1. d4 Nf6 2. c4 d6 3. Nf3 c6 4. Nc3 Bg4 5. Bg5 Nbd7 6. e3 e6 7. h3 Bxf3 8. gxf3 Qa5 9. h4 Be7 10. a3 e5 11. Qc2 h6 12. Bxf6 Nxf6 13. 0-0-0 exd4 14. Rxd4 0-0-0 15. Bh3+ Kb8 16. Rhd1 h5 17. Kb1 Rhe8 18. Ka2 Qc7 19. R1d2 d5 20. cxd5 Nxd5 21. Nxd5 Rxd5 22. Rxd5 cxd5 23. Qf5 Bxh4 24. Rxd5 g6 25. Qd3 Rd8 26. e4 a6 27. Rxd8+ Qxd8 28. Qe3 Qc7 29. Bf1 Be7 30. f4 f6 31. Qb3 Ka7 32. Qf7 Bd8 33. Qe8 h4 34. e5 fxe5 35. fxe5 Qe7 36. Qg8 g5 37. Qd5 Bb6 38. f4 gxf4 39. Bg2 h3 40. Bf3 Bd8 41. b4 h2 42. Kb3 Qc7 43. Qd4+ Qb6 44. Qd5 Qe3+ 1/2-1/2

[Event "Vladivostok City at Sea-A"]
[Site "Vladivostok"]
[Date "2009.07.26"]
[Round "2"]
[White "Muratov, Sergey"]
[Black "Petrov, Ivan2"]
[Result "1/2-1/2"]
[WhiteElo "2262"]
[BlackElo "2204"]
[PlyCount "119"]
[EventDate "2009.07.25"]
[EventType "tourn"]
[EventRounds "9"]
[EventCountry "RUS"]
[EventCategory "3"]
[SourceTitle "EXT 2022"]
[Source "ChessBase"]
[SourceDate "2021.10.06"]
[SourceVersion "1"]
[SourceVersionDate "2021.10.06"]
[SourceQuality "1"]

1. d4 Nf6 2. c4 e6 3. Nc3 Bb4 4. e3 0-0 5. Bd3 d5 6. Nf3 c5 7. 0-0 Nc6 8. a3 Bxc3 9. bxc3 dxc4 10. Bxc4 Qc7 11. Qe2 e5 12. d5 e4 13. Nd2 Ne5 14. h3 Bf5 15. Ba2 Nd3 16. c4 b5 17. cxb5 Qe5 18. Rb1 Nxd5 19. Nc4 Qf6 20. Bd2 Rad8 21. Rb3 Be6 22. Ba5 Qg6 23. Rxd3 Bxh3 24. f4 exd3 25. Qf3 Bg4 26. Qg3 Be2 27. Qxg6 hxg6 28. Re1 Rb8 29. Rb1 Bg4 30. Ne5 Be6 31. Bxd5 Bxd5 32. Nd7 c4 33. Kf2 Rb7 34. Nxf8 Kxf8 35. g4 Ke7 36. Bc3 f6 37. Rb4 Be6 38. e4 Bxg4 39. Rxc4 Rxb5 40. Rc7+ Kd6 41. Rxa7 Rb3 42. Bd2 Bd7 43. Ke3 g5 44. fxg5 fxg5 45. Ra5 g4 46. Rg5 Kc6 47. a4 Kb6 48. a5+ Ka6 49. Rxg7 Bc8 50. Kd4 Rb7 51. Rg8 Rd7+ 52. Ke3 Kb7 53. Rxg4 Ka7 54. Rg8 Ba6 55. Rg6 Re7 56. Bc3 Kb7 57. e5 Bc4 58. Bd4 Rh7 59. Rg2 Rh3+ 60. Ke4 1/2-1/2

[Event "Chigorin Memorial 09th"]
[Site "St Petersburg"]
[Date "2001.10.02"]
[Round "8"]
[White "Muratov, Sergey"]
[Black "Gromova, Iulia"]
[Result "1-0"]
[WhiteElo "2303"]
[BlackElo "2162"]
[PlyCount "99"]
[EventDate "2001.10.26"]
[EventType "swiss"]
[EventRounds "9"]
[EventCountry "RUS"]
[SourceTitle "EXT 2002"]
[Source "ChessBase"]
[SourceDate "2001.11.25"]
[SourceVersion "1"]
[SourceVersionDate "2001.11.25"]
[SourceQuality "1"]

1. c4 g6 2. d4 Bg7 3. Nc3 d6 4. e4 Nc6 5. Be3 e5 6. d5 Nd4 7. Nge2 Nxe2 8. Bxe2 Bh6 9. Qd2 Bxe3 10. Qxe3 Nf6 11. 0-0 0-0 12. f4 exf4 13. Rxf4 Nd7 14. Raf1 Ne5 15. Nb5 Bd7 16. Nd4 Qe7 17. Qg3 Kh8 18. Nf3 f6 19. Nd4 Rae8 20. Qf2 Kg7 21. h3 c5 22. dxc6 bxc6 23. Qg3 Kh8 24. Qa3 Kg7 25. Qg3 Kh8 26. Qc3 Kg7 27. Nc2 Bc8 28. Ne3 Rd8 29. Bg4 h5 30. Bxc8 Rxc8 31. Rd1 Rcd8 32. Nc2 Rd7 33. Nd4 Rfd8 34. Rdf1 Rf8 35. Qg3 Kh7 36. b4 c5 37. Nc2 Nxc4 38. Qc3 Qe6 39. Rxf6 Rxf6 40. Rxf6 Qxe4 41. Rf8 Ne5 42. bxc5 dxc5 43. Qxc5 Rd1+ 44. Kh2 Nc6 45. Rf7+ Kh6 46. Ne3 Rd8 47. Qc1 Qe5+ 48. g3 g5 49. Qxc6+ Rd6 50. Qxd6+ 1-0